Growth in selected Indian industries (more facets of industrial planning in a growing democracy) (Record no. 349649)

000 -LEADER
fixed length control field 00426cam a22001337a 4500
008 - FIXED-LENGTH DATA ELEMENTS--GENERAL INFORMATION
fixed length control field 180718b1972 xxu||||| |||| 00| 0 eng d
082 ## - DEWEY DECIMAL CLASSIFICATION NUMBER
Classification number T2x54 N153
100 ## - MAIN ENTRY--PERSONAL NAME
Personal name Nandi, Kesab Lal
245 ## - TITLE STATEMENT
Title Growth in selected Indian industries (more facets of industrial planning in a growing democracy)
Statement of responsibility, etc. by Kesab Lal Nandi
260 ## - PUBLICATION, DISTRIBUTION, ETC.
Place of publication, distribution, etc. Calcutta
Name of publisher, distributor, etc. World Press
Date of publication, distribution, etc. 1972
300 ## - PHYSICAL DESCRIPTION
Extent 146p.
500 ## - GENERAL NOTE
General note Rs.25.00
650 ## - SUBJECT ADDED ENTRY--TOPICAL TERM
Topical term or geographic name entry element Industry - India
Holdings
Withdrawn status Lost status Damaged status Not for loan Permanent Location Current Location Date acquired Full call number Barcode Date last seen Price effective from Koha item type
        Indian Institute of Public Administration Indian Institute of Public Administration 1993-11-01 T2x54 N153 47544 2018-07-21 2018-07-21 Book

Powered by Koha